Business cycles and economic growth : (Record no. 122993)
[ view plain ]
| 000 -LEADER | |
|---|---|
| fixed length control field | 00713nam a22002177a 4500 |
| 005 - DATE AND TIME OF LATEST TRANSACTION | |
| control field | 20170124105918.0 |
| 010 ## - LIBRARY OF CONGRESS CONTROL NUMBER | |
| LC control number | B-163254 |
| 020 ## - INTERNATIONAL STANDARD BOOK NUMBER | |
| Terms of availability | 650.00 |
| International Standard Book Number | 9780195662153 |
| 035 ## - SYSTEM CONTROL NUMBER | |
| System control number | B-163254 |
| 037 ## - SOURCE OF ACQUISITION | |
| Source of stock number/acquisition | Cen Lib/Ret |
| 040 ## - CATALOGING SOURCE | |
| Original cataloging agency | DPL |
| Language of cataloging | HN |
| 082 ## - DEWEY DECIMAL CLASSIFICATION NUMBER | |
| Classification number | 338.542 |
| Item number | BUS |
| 245 ## - TITLE STATEMENT | |
| Title | Business cycles and economic growth : |
| Statement of responsibility, etc | edited by Pemi Dua |
| Remainder of title | An analysis using leading indicators |
| 260 ## - PUBLICATION, DISTRIBUTION, ETC. (IMPRINT) | |
| Place of publication, distribution, etc | New Delhi |
| Name of publisher, distributor, etc | Oxford university press |
| Date of publication, distribution, etc | 2004 |
| 270 ## - ADDRESS | |
| Address | YMCA library building, Jai singh road |
| City | New Delhi |
| Postal code | 110001 |
| 300 ## - PHYSICAL DESCRIPTION | |
| Extent | xxv,360p. |
| Dimensions | 21cm (Hb) |
| 650 ## - SUBJECT ADDED ENTRY--TOPICAL TERM | |
| Topical term or geographic name as entry element | Saving and investment |
| 9 (RLIN) | 72094 |
| 650 ## - SUBJECT ADDED ENTRY--TOPICAL TERM | |
| Topical term or geographic name as entry element | Economic development |
| 9 (RLIN) | 1481 |
| 700 ## - ADDED ENTRY--PERSONAL NAME | |
| Personal name | Dua, Pami |
| 9 (RLIN) | 3545 |
| 942 ## - ADDED ENTRY ELEMENTS (KOHA) | |
| Source of classification or shelving scheme | Dewey Decimal Classification |
| Koha item type | English Books |
| Classification part | 338.542 |
| Call number suffix | BUS |
| Withdrawn status | Lost status | Damaged status | Not for loan | Home library | Current library | Date acquired | Source of acquisition | Cost, normal purchase price | Total Checkouts | Full call number | Barcode | Date last seen | Copy number | Cost, replacement price | Price effective from | Koha item type |
|---|---|---|---|---|---|---|---|---|---|---|---|---|---|---|---|---|
| Central Library | Central Library | 01/06/2015 | Cen Lib/Ret | 650.00 | 338.542 BUS | B-163254 | 01/06/2015 | 1 | 650.00 | 01/06/2015 | English Books |
